000 00266nam a22000977a 4500
999 _c11516
_d11516
008 190531b ||||| |||| 00| 0 eng d
020 _a9788183505994
100 _aArora Preeti
_97125
245 _aComputer Science with C++ -XII
260 _aNew Delhi
_bSultan Chand
_c2018